| 000 | 00726nam a2200229 a 4500 | ||
|---|---|---|---|
| 001 | BRL_1453 | ||
| 005 | 20190320211219.0 | ||
| 008 | 150114s1983----mx-og#####---#000-0#spa-# | ||
| 041 | _aspa | ||
| 044 | _amx | ||
| 050 | 4 |
_aGV1628.Y83 _b.P47 1983 |
|
| 100 | 1 |
_aPérez Sabido, Luis _926966 |
|
| 245 | 1 | 0 |
_aBailes y danzas tradicionales de Yucatán _cLuis Pérez Sabido. |
| 260 |
_aMérida, Yucatán _bEdiciones del DIF- Yucatán _c1983 |
||
| 300 |
_a153 p. _bil., partituras _c21 cm. |
||
| 500 | _aAu1781 | ||
| 504 | _aBibliografía: p. 152-153 | ||
| 650 | 1 | 4 |
_aDanzas populares y nacionales mexicanas _zYucatán (Estado) _926967 |
| 650 | 1 | 4 |
_aMúsica folklórica _zYucatán (Estado) _926968 |
| 902 | _aGRL | ||
| 942 |
_2lcc _cB |
||
| 999 |
_c10263 _d10263 |
||